000 00529nam a2200193Ia 4500
005 20250923145045.0
008 008 250917s9999 xx 000 0 eng d
037 _aTextual
040 _aDSWL
_beng
_cDSWL
041 _aeng
_2eng
084 _aY13.3.N6, K6
_qDSWL
100 _aFrankenberg, R.
_9831340
245 0 _aCommunites in Britain
_cby R. Frankenberg
260 _bPenguin Books
_c1966
365 _aINR
_b6
925 _g6
942 _cTEXL
_hY13.3.N6, K6
999 _c1446550
_d1446550